[Event "Oz.com qual blitz"]
[Site "ICC INT"]
[Date "2000.03.05"]
[Round "1"]
[White "Zimmer, Ralph"]
[Black "Yu, Shaoteng"]
[Result "0-1"]
[WhiteElo "2250"]
[BlackElo "2535"]
[PlyCount "74"]
[EventDate "2000.03.05"]
[EventType "swiss (blitz)"]
[EventRounds "9"]
[EventCountry "USA"]
[SourceTitle "EXT 2001"]
[Source "ChessBase"]
[SourceDate "2000.11.22"]
[SourceVersion "1"]
[SourceVersionDate "2000.11.22"]
[SourceQuality "1"]

1. d4 Nf6 2. Nf3 e6 3. Bf4 d5 4. Nbd2 Be7 5. e3 0-0 6. Bd3 c5 7. c3 Nc6 8. Bg3 Nh5 9. Ne5 g6 10. Ndf3 f6 11. Nxc6 bxc6 12. Qa4 Qb6 13. Qb3 c4 14. Qxb6 axb6 15. Bc2 b5 16. Ke2 b4 17. cxb4 Bxb4 18. a3 Be7 19. Kd2 Bd7 20. Kc3 Kg7 21. Rhb1 Nxg3 22. hxg3 Rfb8 23. b4 cxb3 24. Rxb3 Rxb3+ 25. Kxb3 c5 26. dxc5 Bxc5 27. a4 Rb8+ 28. Kc3 e5 29. Kd2 Bb4+ 30. Kd1 Bg4 31. Kc1 Rc8 32. Rb1 Bf5 33. Rxb4 Rxc2+ 34. Kd1 Rxf2 35. Ne1 Ra2 36. g4 Be4 37. g3 Kh6 0-1

[Event "Oberliga Sued W 9697"]
[Site "Germany"]
[Date "1997.??.??"]
[Round "?"]
[White "Zimmer, Ralph"]
[Black "Behling, Robert"]
[Result "1-0"]
[WhiteElo "2250"]
[BlackElo "2280"]
[PlyCount "135"]
[EventDate "1996.10.??"]
[EventType "team"]
[EventRounds "9"]
[EventCountry "GER"]
[SourceTitle "EXT 2000"]
[Source "ChessBase"]
[SourceDate "1999.11.16"]
[SourceVersion "1"]
[SourceVersionDate "1999.11.16"]
[SourceQuality "1"]

1. Nf3 d5 2. g3 c6 3. Bg2 Bg4 4. d3 Nd7 5. Nbd2 e6 6. 0-0 Ngf6 7. b3 Be7 8. Bb2 0-0 9. e4 a5 10. a3 Ne8 11. h3 Bh5 12. g4 Bg6 13. Qe2 Nc7 14. Rfe1 h5 15. Nf1 hxg4 16. hxg4 Bf6 17. e5 Be7 18. Ng3 f5 19. gxf5 Bxf5 20. Nd4 g6 21. Bf3 Rf7 22. Kg2 Nf8 23. Rh1 Rh7 24. Bg4 Bh4 25. f4 c5 26. Bxf5 gxf5 27. Ndxf5 exf5 28. Nxf5 Nfe6 29. Qg4+ Kf7 30. Rxh4 Rxh4 31. Nxh4 Qh8 32. Qf5+ Ke8 33. Ng6 Qg7 34. Kf3 Kd7 35. Rh1 Rg8 36. Rh7 Qxh7 37. Nf8+ Rxf8 38. Qxh7+ Kc8 39. Kg3 Rxf4 40. Bc1 Rf1 41. Be3 d4 42. Bd2 b6 43. Qe4 Ra1 44. Qc6 Rxa3 45. Qxb6 a4 46. bxa4 Rxa4 47. Qb3 Ra1 48. Qb2 Ra4 49. Qb3 Ra1 50. Kf2 Ra6 51. Ke2 Ra1 52. Be1 Ra6 53. Bh4 Kd7 54. Qb7 Ra2 55. Kd2 Ra1 56. Bf6 Ra2 57. Qb1 Ra4 58. Qh1 Ra8 59. Qh7+ Kc6 60. Be7 Nd5 61. Qh6 Kd7 62. Bxc5 Rg8 63. Bxd4 Rg2+ 64. Kc1 Nb4 65. Qh7+ Kc8 66. Qe7 Nxd4 67. Qxb4 Nxc2 68. Qc5+ 1-0

[Event "Oberliga Sued W 9697"]
[Site "Germany"]
[Date "1996.??.??"]
[Round "?"]
[White "Schwing, Hans Elmar"]
[Black "Zimmer, Ralph"]
[Result "1/2-1/2"]
[WhiteElo "2240"]
[BlackElo "2250"]
[PlyCount "101"]
[EventDate "1996.10.??"]
[EventType "team"]
[EventRounds "9"]
[EventCountry "GER"]
[SourceTitle "EXT 2000"]
[Source "ChessBase"]
[SourceDate "1999.11.16"]
[SourceVersion "1"]
[SourceVersionDate "1999.11.16"]
[SourceQuality "1"]

1. d4 Nf6 2. Nf3 g6 3. c4 c5 4. Nc3 cxd4 5. Nxd4 Bg7 6. e4 d6 7. Be2 Nc6 8. Be3 Bd7 9. 0-0 0-0 10. Qd2 Ng4 11. Bxg4 Bxg4 12. f3 Bd7 13. Rfd1 a6 14. Rac1 Nxd4 15. Bxd4 Bxd4+ 16. Qxd4 Be6 17. Nd5 Bxd5 18. cxd5 Qa5 19. Qe3 Qb6 20. Kh1 Rae8 21. Rc2 f5 22. e5 dxe5 23. Qxe5 Qd6 24. f4 Rc8 25. Qxd6 exd6 26. Rdc1 Rce8 27. Rc7 Rf7 28. Kg1 Re2 29. Rxf7 Kxf7 30. Rc7+ Re7 31. Rc2 Ke8 32. Kf2 Kd8 33. Kf3 Re4 34. g4 Rd4 35. gxf5 gxf5 36. Rg2 Rxd5 37. Rg7 Rd2 38. Rxb7 Rxh2 39. a4 h5 40. Rb6 Kc7 41. Rxa6 Rxb2 42. Ra5 Rb3+ 43. Kf2 h4 44. Rxf5 h3 45. Rh5 Kc6 46. a5 Ra3 47. a6 d5 48. a7 d4 49. Rxh3 Rxa7 50. Rh5 Rd7 51. Ke2 1/2-1/2